000 00708nam a2200217 a 4500
005 20241207063741.0
008 010903s1992 r 000 0 eng d
020 _a8470436805
035 _aUPN01000110852
049 _aCG
050 4 _aHM134
_bP6.4 no.4.2
100 1 _aFrancia Hernández, Alfonso
245 1 0 _aDinámica y técnicas de grupos /
_cAlfonso Francia, Javier Mata.
260 _aMadrid :
_bCCS,
_c1992.
300 _a235 p. :
_bil.
440 0 _aPlan de formación de animadores.
_pBloque 4.
_pEl saber hacer del animador.
_pEducación social ;
_v4.2
650 4 _aDinámica de grupos
_96712
650 2 _aAnimación sociocultural
_91050
700 1 _aMata, Xavier,
_ecoaut.
905 _aLibro
999 _c84761
_d84761